Flags Containing a Map - Statistics

General Stats
  • This quiz has been taken 136 times
  • The average score is 5 of 6
Answer Stats
Picture Hint Answer % Correct
Kosovo
100%
Cyprus
99%
(1971-1972) Bangladesh
89%
Presidential Flag (1993-1996) Madagascar
87%
(Unofficial) Antarctica
85%
(UN Administration 1992-94) Cambodia
40%
No matching quizzes found
Score Distribution
Percent of People with Each Score
Percentile by Number Answered
Your Score History
You have not taken this quiz